Disney Characters beginning with the letter E - Statistics

General Stats
  • This quiz has been taken 27 times
  • The average score is 4 of 15
Answer Stats
Answer % Correct
Eeyore
67%
Elsa
67%
Ed
46%
Esmerelda
25%
Edward
21%
Einstein
21%
Elliot
21%
Emperor of China
17%
Eema
13%
Ellie Mae
13%
Eudora
13%
El Capitan
8%
Elmer Elephant
8%
Emmitt Otterton
8%
Evangeline
4%
No matching quizzes found
Score Distribution
Percent of People with Each Score
Percentile by Number Answered
Your Score History
You have not taken this quiz